|
|
|
|
| LEADER |
01369nam a2200361Ia 4500 |
| 001 |
EBC892999 |
| 003 |
MiAaPQ |
| 005 |
20200520144314.0 |
| 006 |
m o d | |
| 007 |
cr cn||||||||| |
| 008 |
111117s2012 flua sb 000 0 eng d |
| 010 |
|
|
|z 2011045767
|
| 020 |
|
|
|z 9781466501942
|
| 020 |
|
|
|z 9781466501973
|
| 035 |
|
|
|a (MiAaPQ)EBC892999
|
| 035 |
|
|
|a (Au-PeEL)EBL892999
|
| 035 |
|
|
|a (CaPaEBR)ebr10552116
|
| 035 |
|
|
|a (CaONFJC)MIL584762
|
| 035 |
|
|
|a (OCoLC)787843376
|
| 040 |
|
|
|a MiAaPQ
|c MiAaPQ
|d MiAaPQ
|
| 050 |
|
4 |
|a TS192
|b .P46 2012
|
| 082 |
0 |
4 |
|a 658.2/020285
|2 23
|
| 100 |
1 |
|
|a Peng, Kern.
|
| 245 |
1 |
0 |
|a Equipment management in the post-maintenance era
|h [electronic resource] :
|b a new alternative to total productive maintenance (TPM) /
|c Kern Peng.
|
| 260 |
|
|
|a Boca Raton, FL :
|b CRC Press,
|c c2012.
|
| 300 |
|
|
|a xxii, 215 p. :
|b ill.
|
| 504 |
|
|
|a Includes bibliographical references.
|
| 533 |
|
|
|a Electronic reproduction. Ann Arbor, MI : ProQuest, 2015. Available via World Wide Web. Access may be limited to ProQuest affiliated libraries.
|
| 650 |
|
0 |
|a Industrial equipment
|x Maintenance and repair
|x Data processing.
|
| 650 |
|
0 |
|a Plant maintenance
|x Data processing.
|
| 655 |
|
4 |
|a Electronic books.
|
| 710 |
2 |
|
|a ProQuest (Firm)
|
| 856 |
4 |
0 |
|u https://ebookcentral.proquest.com/lib/matrademy/detail.action?docID=892999
|z Click to View
|